[Event "MSU Interuniversity Cup"]
[Site "Moscow RUS"]
[Date "2023.05.17"]
[Round "8.3"]
[White "Ilyasli, Ughur"]
[Black "Bektemir Uulu, Kairat"]
[Result "1-0"]
[WhiteElo "2227"]
[BlackElo "1512"]
[PlyCount "92"]
[EventDate "2023.05.15"]
[EventType "team (rapid)"]
[EventRounds "9"]
[EventCountry "RUS"]
[SourceTitle "CBM 214 Extra"]
[Source "ChessBase"]
[SourceDate "2023.07.31"]
[SourceVersion "1"]
[SourceVersionDate "2023.07.31"]
[SourceQuality "1"]
[WhiteTeam "Azerbaijan"]
[BlackTeam "Kyrgyzstan"]
[WhiteTeamCountry "AZE"]
[BlackTeamCountry "KGZ"]

1. c4 d5 2. cxd5 Qxd5 3. Nc3 Qd8 4. e4 c5 5. Nf3 Nc6 6. Bb5 Bd7 7. d4 cxd4 8. Nxd4 e6 9. Nxc6 Bxc6 10. Bxc6+ bxc6 11. Qa4 Qc7 12. Bf4 Bd6 13. Bxd6 Qxd6 14. Rd1 Qc7 15. Qd4 Nf6 16. Qc5 Nd7 17. Qa3 c5 18. Qa4 Ke7 19. 0-0 Rhd8 20. Nb5 Qc6 21. Rd6 Qb7 22. Rfd1 a6 23. Nc3 Nb6 24. Qc6 Qxc6 25. Rxc6 Rxd1+ 26. Nxd1 Rd8 27. Ne3 Nc4 28. Rc7+ Ke8 29. Rxc5 Nxe3 30. fxe3 Rd1+ 31. Kf2 Rd2+ 32. Kf3 Rxb2 33. a4 Kd7 34. e5 Rb6 35. Rc4 Rc6 36. Rg4 g6 37. Rd4+ Kc7 38. Rf4 Kb6 39. Rxf7 Rc5 40. Rxh7 Rxe5 41. g4 g5 42. h4 gxh4 43. Rh5 Rc5 44. a5+ Kc6 45. Rxc5+ Kxc5 46. g5 Kd6 1-0

[Event "MSU Interuniversity Cup"]
[Site "Moscow RUS"]
[Date "2023.05.16"]
[Round "3.1"]
[White "Ilyasli, Ughur"]
[Black "Makarova, Olga"]
[Result "1-0"]
[WhiteElo "2227"]
[BlackElo "1814"]
[PlyCount "81"]
[EventDate "2023.05.15"]
[EventType "team (rapid)"]
[EventRounds "9"]
[EventCountry "RUS"]
[SourceTitle "CBM 214 Extra"]
[Source "ChessBase"]
[SourceDate "2023.07.31"]
[SourceVersion "1"]
[SourceVersionDate "2023.07.31"]
[SourceQuality "1"]
[WhiteTeam "Azerbaijan"]
[BlackTeam "SPbGU"]
[WhiteTeamCountry "AZE"]
[BlackTeamCountry "RUS"]

1. e4 e6 2. d4 d5 3. e5 c5 4. c3 Nc6 5. Nf3 Qb6 6. Bd3 cxd4 7. 0-0 Bd7 8. Re1 Rc8 9. h4 a6 10. Nbd2 dxc3 11. bxc3 Na5 12. Rb1 Qc7 13. Nd4 Qxc3 14. N2f3 b5 15. a4 Nc4 16. axb5 axb5 17. Nxb5 Qa5 18. Bxc4 Rxc4 19. Bd2 Qa6 20. Qb3 Bxb5 21. Qxb5+ Qxb5 22. Rxb5 Ne7 23. Rb8+ Nc8 24. Rc1 Rxc1+ 25. Bxc1 Kd8 26. Rb7 f6 27. Bd2 Be7 28. Nd4 fxe5 29. Nc6+ Ke8 30. Nxe7 Nxe7 31. Rb8+ Kf7 32. Rxh8 Ng8 33. Rxh7 Kg6 34. Rh8 Kf7 35. Bg5 e4 36. Kf1 d4 37. Ke2 e5 38. g4 d3+ 39. Ke3 Ne7 40. Bxe7 Kxe7 41. Ra8 1-0

[Event "Baku White Rook Cup"]
[Site "Baku"]
[Date "2023.01.08"]
[Round "8"]
[White "Ilyasli, Ughur"]
[Black "Talibov, Shiroghlan"]
[Result "1/2-1/2"]
[WhiteElo "2253"]
[BlackElo "2316"]
[PlyCount "116"]
[EventDate "2023.01.03"]
[EventType "tourn"]
[EventRounds "9"]
[EventCountry "AZE"]
[EventCategory "6"]
[SourceTitle "CBM 212 Extra"]
[Source "ChessBase"]
[SourceDate "2023.03.31"]
[SourceVersion "1"]
[SourceVersionDate "2023.03.31"]
[SourceQuality "1"]

1. a3 g6 2. d4 Nf6 3. Nf3 Bg7 4. e3 0-0 5. Be2 d6 6. 0-0 Nbd7 7. c4 e5 8. Nc3 Re8 9. Qc2 Qe7 10. b4 Nf8 11. Bb2 Bf5 12. Qb3 e4 13. Nd2 h5 14. Rfc1 c6 15. Qd1 h4 16. a4 g5 17. b5 g4 18. a5 a6 19. Na4 Bh6 20. Nf1 N8d7 21. Nb6 Ra7 22. Nxd7 Bxd7 23. d5 c5 24. Bxf6 Qxf6 25. Bxg4 Bf5 26. h3 Bh7 27. Rcb1 Kh8 28. bxa6 bxa6 29. Rb6 Rg8 30. Rab1 Raa8 31. Qa4 Qg6 32. Qc6 f5 33. Qxd6 Qxd6 34. Rxd6 Bf8 35. Rd7 fxg4 36. Rbb7 Bf5 37. Rf7 Rg7 38. hxg4 Bxg4 39. Nd2 Bf5 40. Nb3 Rxf7 41. Rxf7 Bg6 42. Rf6 Bh5 43. Rf4 Bg6 44. Rf6 Kg7 45. Rb6 Kf7 46. d6 Rd8 47. Nxc5 Rxd6 48. Rxd6 Bxd6 49. Nxa6 Ke6 50. c5 Be7 51. c6 Kd6 52. Nb4 Bd8 53. a6 Bb6 54. Kh2 Bf5 55. g3 h3 56. Nc2 Kxc6 57. g4 Bc7+ 58. Kxh3 Bc8 1/2-1/2

[Event "Baku White Rook Cup"]
[Site "Baku"]
[Date "2023.01.06"]
[Round "6"]
[White "Ilyasli, Ughur"]
[Black "Mirzoev, Azer"]
[Result "0-1"]
[WhiteElo "2253"]
[BlackElo "2493"]
[PlyCount "120"]
[EventDate "2023.01.03"]
[EventType "tourn"]
[EventRounds "9"]
[EventCountry "AZE"]
[EventCategory "6"]
[SourceTitle "CBM 212 Extra"]
[Source "ChessBase"]
[SourceDate "2023.03.31"]
[SourceVersion "1"]
[SourceVersionDate "2023.03.31"]
[SourceQuality "1"]

1. d4 d5 2. c4 e6 3. Nf3 Nf6 4. g3 Bb4+ 5. Bd2 Be7 6. Bg2 0-0 7. 0-0 c6 8. Qc2 Nbd7 9. Bf4 b6 10. Rd1 Ba6 11. cxd5 cxd5 12. Ne5 Rc8 13. Nc6 Qe8 14. Nxe7+ Qxe7 15. Nc3 Nh5 16. Be3 b5 17. Qd3 Qb4 18. a4 Qxb2 19. Nxb5 Nhf6 20. Rdb1 Qc2 21. Qxc2 Rxc2 22. Nxa7 Bxe2 23. a5 Ra8 24. Nb5 h6 25. h3 g5 26. Bf1 Bxf1 27. Kxf1 Ra6 28. Ke1 Kg7 29. Kd1 Rc4 30. Bd2 Ne4 31. Be1 Rc8 32. Rc1 Rb8 33. Rab1 Raa8 34. Nc7 Rxb1 35. Rxb1 Ra7 36. Nb5 Ra8 37. Rc1 Rb8 38. Nc7 Rb2 39. a6 Ra2 40. f3 Nd6 41. Rc2 Ra4 42. Bf2 Nc4 43. Rxc4 Rxc4 44. a7 Nb6 45. a8Q Nxa8 46. Nxa8 Rc6 47. g4 h5 48. gxh5 Kh6 49. Bg3 Kxh5 50. Kd2 Rc4 51. Kd3 Rc1 52. Ke2 Rh1 53. Kf2 Rxh3 54. Kg2 g4 55. Nb6 Kg5 56. Nd7 f5 57. f4+ Kg6 58. Ne5+ Kg7 59. Be1 Kf6 60. Nd7+ Kf7 0-1

[Event "Baku White Rook Cup"]
[Site "Baku"]
[Date "2023.01.05"]
[Round "4"]
[White "Ilyasli, Ughur"]
[Black "Rasulov, Vugar Ural Oglu"]
[Result "0-1"]
[WhiteElo "2253"]
[BlackElo "2513"]
[PlyCount "68"]
[EventDate "2023.01.03"]
[EventType "tourn"]
[EventRounds "9"]
[EventCountry "AZE"]
[EventCategory "6"]
[SourceTitle "CBM 212 Extra"]
[Source "ChessBase"]
[SourceDate "2023.03.31"]
[SourceVersion "1"]
[SourceVersionDate "2023.03.31"]
[SourceQuality "1"]

1. d4 d5 2. c4 e6 3. Nf3 Nf6 4. g3 Bb4+ 5. Bd2 Bd6 6. Bg2 Nbd7 7. 0-0 0-0 8. c5 Be7 9. b4 Ne4 10. Nc3 Nxd2 11. Nxd2 f5 12. f3 c6 13. Nb3 f4 14. e4 dxe4 15. fxe4 fxg3 16. e5 Rxf1+ 17. Bxf1 gxh2+ 18. Kxh2 Qc7 19. Bd3 Nxe5 20. dxe5 Qxe5+ 21. Kg2 Qg5+ 22. Kh1 Qh4+ 23. Kg2 Bf6 24. Rc1 Be5 25. Ne4 Bd7 26. Qh1 Qg4+ 27. Kf2 Rf8+ 28. Ke3 Bf4+ 29. Kd4 Bxc1 30. Nxc1 e5+ 31. Kxe5 Bf5 32. Bc4+ Kh8 33. Nd6 Bg6 34. Ne2 Qg5+ 0-1

[Event "EU-ch U18 30th"]
[Site "Antalya"]
[Date "2022.11.14"]
[Round "9"]
[White "Girel, Joseph"]
[Black "Ilyasli, Ughur"]
[Result "1-0"]
[WhiteElo "2381"]
[BlackElo "2223"]
[PlyCount "63"]
[EventDate "2022.11.06"]
[EventType "swiss"]
[EventRounds "9"]
[EventCountry "TUR"]
[SourceTitle "CBM 211 Extra"]
[Source "ChessBase"]
[SourceDate "2023.01.31"]
[SourceVersion "1"]
[SourceVersionDate "2023.01.31"]
[SourceQuality "1"]

1. d4 Nf6 2. c4 e6 3. Nf3 d5 4. Nc3 Be7 5. Bf4 0-0 6. e3 c5 7. dxc5 Bxc5 8. Qc2 Nc6 9. a3 e5 10. Nxe5 Nxe5 11. Bxe5 Ng4 12. Bg3 Nxe3 13. fxe3 Bxe3 14. Nxd5 Re8 15. Be2 Bg4 16. Bxg4 Bd2+ 17. Kf1 Qg5 18. Qf5 Qh6 19. Bf3 Qa6 20. Qd3 Ba5 21. b4 Bb6 22. Nxb6 axb6 23. b5 Qa4 24. Kf2 Rad8 25. Bd5 Qa8 26. Rhe1 Qc8 27. Rxe8+ Rxe8 28. Re1 Qc5+ 29. Kf1 Rxe1+ 30. Bxe1 Qc7 31. Qf5 h5 32. Qxf7+ 1-0

[Event "Wch U18"]
[Site "Mamaia"]
[Date "2022.09.16"]
[Round "11"]
[White "Ilyasli, Ughur"]
[Black "Makridis, Dimitrios"]
[Result "1/2-1/2"]
[WhiteElo "2198"]
[BlackElo "2382"]
[PlyCount "257"]
[EventDate "2022.09.06"]
[EventType "swiss"]
[EventRounds "11"]
[EventCountry "ROU"]
[SourceTitle "CBM 210 Extra"]
[Source "ChessBase"]
[SourceDate "2022.11.30"]
[SourceVersion "1"]
[SourceVersionDate "2022.11.30"]
[SourceQuality "1"]

1. d4 d5 2. c4 e6 3. Nf3 h6 4. g3 Nf6 5. Bg2 Bd6 6. 0-0 0-0 7. Nc3 Nc6 8. b3 dxc4 9. bxc4 e5 10. Nxe5 Nxe5 11. c5 Bxc5 12. dxe5 Qxd1 13. Rxd1 Ng4 14. Ne4 Bb6 15. a4 a5 16. Ba3 Re8 17. Bc5 Bxc5 18. Nxc5 Ra7 19. Nd3 f6 20. exf6 Nxf6 21. Nf4 c6 22. Bf1 g5 23. Nd3 Nd5 24. Rac1 Kg7 25. Rd2 Bf5 26. Nb2 Re7 27. Rc5 Be6 28. e4 Nb4 29. f4 b6 30. Re5 Bf7 31. Rxe7 Rxe7 32. e5 Nd5 33. Rf2 Ne3 34. Bd3 gxf4 35. gxf4 Kf8 36. Re2 Nd5 37. f5 Nf4 38. Re4 Nxd3 39. Nxd3 Bd5 40. Rh4 Rg7+ 41. Kf2 Rg5 42. Rf4 c5 43. e6 Ke8 44. Ke3 h5 45. Nf2 Rg1 46. Rh4 Ke7 47. Rxh5 Kf6 48. h3 Rg3+ 49. Kd2 Rg2 50. Ke1 Bf3 51. Rh7 Kxf5 52. Rf7+ Kxe6 53. Rxf3 Rg1+ 54. Kd2 Ra1 55. Rf4 Kd5 56. h4 c4 57. h5 Rxa4 58. h6 c3+ 59. Ke3 c2 60. Nd3 Ra3 61. Rd4+ Ke6 62. Kd2 c1Q+ 63. Kxc1 Ra1+ 64. Kd2 Rh1 65. Nf4+ Kf5 66. Ke3 Rxh6 67. Rd5+ Kg4 68. Rb5 Rc6 69. Nd3 Re6+ 70. Kd4 Kf3 71. Ne5+ Kf4 72. Nc4 a4 73. Kc3 Rc6 74. Kb4 Ke4 75. Rh5 Rf6 76. Kxa4 Rf4 77. Kb4 b5 78. Rxb5 Kd3 79. Rc5 Kd4 80. Rc8 Kd3 81. Kb3 Kd4 82. Rd8+ Kc5 83. Ne5 Re4 84. Nd3+ Kc6 85. Nb4+ Kc7 86. Rd5 Kb6 87. Ka4 Rh4 88. Rg5 Re4 89. Rg6+ Kc7 90. Kb5 Kd7 91. Kc5 Re1 92. Rd6+ Ke7 93. Nd5+ Kf7 94. Rf6+ Kg7 95. Kd6 Re8 96. Rf5 Re1 97. Rf3 Kg6 98. Ne3 Ra1 99. Ke5 Ra5+ 100. Nd5 Ra1 101. Ne7+ Kg7 102. Nf5+ Kf7 103. Nd6+ Kg7 104. Rg3+ Kf8 105. Kf6 Rd1 106. Nf5 Ke8 107. Ke6 Kd8 108. Rc3 Re1+ 109. Ne3 Ra1 110. Nf5 Re1+ 111. Ne3 Ra1 112. Nd5 Ra6+ 113. Ke5 Ra1 114. Rc6 Rh1 115. Ke6 Rh6+ 116. Nf6 Rh1 117. Rc4 Re1+ 118. Ne4 Rh1 119. Nf6 Re1+ 120. Ne4 Rh1 121. Ng5 Re1+ 122. Kd6 Rd1+ 123. Ke5 Kd7 124. Ne4 Re1 125. Rc2 Kd8 126. Kd5 Kd7 127. Nc5+ Ke7 128. Rc3 Kf7 129. Ne4 1/2-1/2

[Event "Wch U18"]
[Site "Mamaia"]
[Date "2022.09.07"]
[Round "2"]
[White "Stremavicius, Pijus"]
[Black "Ilyasli, Ughur"]
[Result "1-0"]
[WhiteElo "2354"]
[BlackElo "2198"]
[PlyCount "103"]
[EventDate "2022.09.06"]
[EventType "swiss"]
[EventRounds "11"]
[EventCountry "ROU"]
[SourceTitle "CBM 210 Extra"]
[Source "ChessBase"]
[SourceDate "2022.11.30"]
[SourceVersion "1"]
[SourceVersionDate "2022.11.30"]
[SourceQuality "1"]

1. e4 e6 2. d4 c5 3. d5 d6 4. Nc3 a6 5. a4 Nf6 6. Be2 Be7 7. Nf3 e5 8. Nd2 Nbd7 9. Nc4 Nb6 10. Ne3 h5 11. 0-0 a5 12. f4 exf4 13. Rxf4 g6 14. Bb5+ Kf8 15. b3 Ng4 16. Nxg4 hxg4 17. Qf1 Rh7 18. Ba3 Bg5 19. e5 Bf5 20. Re1 Bxf4 21. Qxf4 Qh4 22. Re2 g3 23. hxg3 Qh1+ 24. Kf2 Rh2 25. Ke3 Qa1 26. Kd2 Qxa3 27. e6 Nc8 28. g4 Rh1 29. Nd1 Qb4+ 30. Qxb4 axb4 31. gxf5 gxf5 32. exf7 Kxf7 33. Bd7 Ne7 34. Ne3 Rd8 35. Bxf5 Nxf5 36. Nxf5 Rf1 37. g4 Rf4 38. Re6 Rf2+ 39. Kd3 Rh8 40. Nxd6+ Kg7 41. Nf5+ Kf7 42. Nh6+ Kg7 43. Nf5+ Kf7 44. Re7+ Kf6 45. d6 Rhh2 46. d7 Rxc2 47. Re2 Rhxe2 48. d8Q+ Ke5 49. Qc7+ Kf6 50. Qg7+ Ke6 51. Qe7+ Kd5 52. Qd6# 1-0

[Event "Baku Jafarov Memorial"]
[Site "Baku"]
[Date "2022.06.29"]
[Round "6"]
[White "Ilyasli, Ughur"]
[Black "Abbasov, Farid"]
[Result "1/2-1/2"]
[WhiteElo "2250"]
[BlackElo "2501"]
[PlyCount "30"]
[EventDate "2022.06.26"]
[EventType "swiss"]
[EventRounds "9"]
[EventCountry "AZE"]
[SourceTitle "EXT 2023"]
[Source "ChessBase"]
[SourceDate "2022.10.05"]
[SourceVersion "1"]
[SourceVersionDate "2022.10.05"]
[SourceQuality "1"]
[WhiteTeam "Young Stars"]
[BlackTeam "Shirvanshah"]
[WhiteTeamCountry "AZE"]
[BlackTeamCountry "AZE"]

1. e4 e5 2. Nf3 Nf6 3. Nxe5 d6 4. Nf3 Nxe4 5. d4 d5 6. Bd3 Be7 7. 0-0 Nc6 8. c4 Nb4 9. cxd5 Nxd3 10. Qxd3 Qxd5 11. Re1 Bf5 12. Nc3 Nxc3 13. Qxc3 Be6 14. Re5 Qc6 15. Qxc6+ bxc6 1/2-1/2

[Event "Baku Jafarov Memorial"]
[Site "Baku"]
[Date "2022.06.27"]
[Round "3"]
[White "Al Hosani, Omran"]
[Black "Ilyasli, Ughur"]
[Result "1-0"]
[WhiteElo "2191"]
[BlackElo "2250"]
[PlyCount "77"]
[EventDate "2022.06.26"]
[EventType "swiss"]
[EventRounds "9"]
[EventCountry "AZE"]
[SourceTitle "EXT 2023"]
[Source "ChessBase"]
[SourceDate "2022.10.05"]
[SourceVersion "1"]
[SourceVersionDate "2022.10.05"]
[SourceQuality "1"]
[WhiteTeam "Guests"]
[BlackTeam "Young Stars"]
[WhiteTeamCountry "AZE"]
[BlackTeamCountry "AZE"]

1. d4 d5 2. c4 c6 3. Nf3 Nf6 4. g3 Bf5 5. Bg2 e6 6. 0-0 Nbd7 7. Qb3 Qb6 8. Nbd2 Qxb3 9. Nxb3 Bd6 10. Nh4 Bc2 11. Na5 Rb8 12. Bd2 h6 13. Rfc1 Bh7 14. b4 g5 15. Nf3 Ne4 16. Be1 g4 17. Nd2 Ng5 18. Ndb3 h5 19. cxd5 cxd5 20. Nxb7 Bf8 21. Rc7 h4 22. gxh4 Nh3+ 23. Kf1 Nf4 24. Bd2 Nxg2 25. Kxg2 Be4+ 26. Kg1 Rxb7 27. Rxb7 Bd6 28. Rc1 Bxh2+ 29. Kxh2 Rxh4+ 30. Kg3 Rh3+ 31. Kf4 Nb6 32. Rcc7 Kd8 33. Na5 e5+ 34. dxe5 Rh6 35. Nc6+ Rxc6 36. Rxc6 g3 37. fxg3 Bg2 38. Rd6+ Ke8 39. Kg5 1-0

[Event "Nakhchivan Sunday IM 04 2nd"]
[Site "Nakhchivan"]
[Date "2022.04.16"]
[Round "9"]
[White "Ilyasli, Ughur"]
[Black "Suleymanli, Suleyman"]
[Result "1/2-1/2"]
[WhiteElo "2347"]
[BlackElo "2175"]
[PlyCount "31"]
[EventDate "2022.04.10"]
[EventType "tourn"]
[EventRounds "9"]
[EventCountry "AZE"]
[EventCategory "1"]
[SourceTitle "CBM 207 Extra"]
[Source "ChessBase"]
[SourceDate "2022.05.31"]
[SourceVersion "1"]
[SourceVersionDate "2022.05.31"]
[SourceQuality "1"]

1. Nf3 d5 2. d4 Nf6 3. c4 dxc4 4. e3 e6 5. Bxc4 c5 6. 0-0 a6 7. a4 Nc6 8. Nc3 Be7 9. dxc5 Bxc5 10. Qxd8+ Kxd8 11. b3 Ke7 12. Bb2 b6 13. Rfd1 Bb7 14. Be2 Rhd8 15. Kf1 Rxd1+ 16. Rxd1 1/2-1/2

[Event "Titled Tuesday intern op 05th Apr Late"]
[Site "Chess.com INT"]
[Date "2022.04.05"]
[Round "2"]
[White "Gelman, Alexander"]
[Black "Ilyasli, Ughur"]
[Result "0-1"]
[WhiteElo "2403"]
[BlackElo "2347"]
[PlyCount "70"]
[EventDate "2022.04.05"]
[EventType "swiss (blitz)"]
[EventRounds "11"]
[EventCountry "USA"]
[SourceTitle "CBM 207 Extra"]
[Source "ChessBase"]
[SourceDate "2022.05.31"]
[SourceVersion "1"]
[SourceVersionDate "2022.05.31"]
[SourceQuality "1"]

1. d4 Nf6 2. Nc3 e6 3. e4 d5 4. e5 Nfd7 5. Nce2 c5 6. c3 Nc6 7. f4 cxd4 8. cxd4 f6 9. Nf3 Bb4+ 10. Nc3 0-0 11. a3 Ba5 12. Be3 fxe5 13. fxe5 Ne7 14. Bd3 Nf5 15. Bf2 Nb6 16. b4 Nc4 17. Bxc4 dxc4 18. bxa5 Qxa5 19. Qd2 b5 20. 0-0 Bb7 21. Rfb1 a6 22. a4 b4 23. Na2 c3 24. Qe2 Bxf3 25. gxf3 Rab8 26. Qc4 Qd8 27. Rxb4 Qg5+ 28. Kh1 Rbc8 29. Qxe6+ Kh8 30. d5 c2 31. Rc1 Qd2 32. Kg1 Ne3 33. Rb7 Qd1+ 34. Be1 Qxf3 35. h4 Qg2# 0-1

[Event "Titled Tuesday intern op 05th Apr Late"]
[Site "Chess.com INT"]
[Date "2022.04.05"]
[Round "9"]
[White "Ilyasli, Ughur"]
[Black "Adewumi, Tanitoluwa"]
[Result "1-0"]
[WhiteElo "2347"]
[BlackElo "2177"]
[PlyCount "135"]
[EventDate "2022.04.05"]
[EventType "swiss (blitz)"]
[EventRounds "11"]
[EventCountry "USA"]
[SourceTitle "CBM 207 Extra"]
[Source "ChessBase"]
[SourceDate "2022.05.31"]
[SourceVersion "1"]
[SourceVersionDate "2022.05.31"]
[SourceQuality "1"]

1. d4 Nf6 2. c4 c5 3. d5 g6 4. Nc3 Bg7 5. e4 d6 6. Nge2 0-0 7. Ng3 e6 8. Be2 exd5 9. exd5 a6 10. 0-0 h5 11. Bg5 Qb6 12. Qd2 Ng4 13. h3 Ne5 14. f4 Ned7 15. f5 Ne5 16. f6 Bh8 17. Rae1 Qa5 18. Bxh5 gxh5 19. Bh6 Nbd7 20. Bxf8 Nxf8 21. Nxh5 Bd7 22. Qh6 Nfg6 23. Re4 Qd8 24. Ne2 Qf8 25. Qg5 Kh7 26. Nef4 Qh6 27. Qxh6+ Kxh6 28. g4 Rg8 29. Kf2 Nxf4 30. Rxf4 Nd3+ 31. Ke3 Nxf4 32. Kxf4 Re8 33. h4 b5 34. cxb5 axb5 35. Rf2 b4 36. a3 bxa3 37. bxa3 c4 38. Rc2 Bb5 39. Ng3 Bxf6 40. g5+ Bxg5+ 41. hxg5+ Kg6 42. Ne4 Re5 43. Nxd6 Rxd5 44. Nxb5 Rxb5 45. Rxc4 Rf5+ 46. Ke4 Rxg5 47. Rc6+ f6 48. Ra6 Rg4+ 49. Kd5 Rg1 50. a4 Ra1 51. a5 Kg5 52. Ra8 f5 53. a6 Rd1+ 54. Ke6 Re1+ 55. Kd5 Rd1+ 56. Kc5 Rc1+ 57. Kd4 Rd1+ 58. Ke3 f4+ 59. Kf3 Rd3+ 60. Kf2 Kg4 61. a7 Rd2+ 62. Ke1 Ra2 63. Rg8+ Kf3 64. a8Q+ Rxa8 65. Rxa8 Kg2 66. Rf8 f3 67. Rg8+ Kh3 68. Kf2 1-0

[Event "Titled Tuesday intern op 05th Apr Early"]
[Site "Chess.com INT"]
[Date "2022.04.05"]
[Round "11"]
[White "Ilyasli, Ughur"]
[Black "Le Ruyet, Leopold"]
[Result "1-0"]
[WhiteElo "2347"]
[BlackElo "2245"]
[PlyCount "115"]
[EventDate "2022.04.05"]
[EventType "swiss (blitz)"]
[EventRounds "11"]
[EventCountry "USA"]
[SourceTitle "CBM 207 Extra"]
[Source "ChessBase"]
[SourceDate "2022.05.31"]
[SourceVersion "1"]
[SourceVersionDate "2022.05.31"]
[SourceQuality "1"]

1. d4 Nf6 2. c4 g6 3. Nc3 Bg7 4. e4 0-0 5. Nge2 d6 6. Ng3 e5 7. d5 a5 8. Be2 Na6 9. h4 h6 10. Be3 Nc5 11. Qd2 Kh7 12. h5 g5 13. f3 Ng8 14. Bd1 Ne7 15. Bc2 b6 16. 0-0-0 Ba6 17. b3 a4 18. Bxc5 bxc5 19. Nxa4 Bc8 20. Nc3 Bd7 21. a4 Qb8 22. Nf5 Bxf5 23. exf5 f6 24. Nb5 Rd8 25. g4 c6 26. Nc3 Qb4 27. Qd3 cxd5 28. Nxd5 Qa3+ 29. Kd2 Nc6 30. Ra1 Qb2 31. Rhb1 Qd4 32. Qxd4 exd4 33. Be4 Ne5 34. a5 Ra7 35. Ra4 Rb8 36. Nb6 Ra6 37. Kc2 Bf8 38. Nd5 Kg7 39. b4 Nxc4 40. b5 Rxa5 41. Rxc4 Raxb5 42. Rxb5 Rxb5 43. Ra4 Rb7 44. Ra6 c4 45. Ra4 d3+ 46. Kc3 Rb3+ 47. Kxc4 d2 48. Ra1 Rb8 49. Rd1 Rc8+ 50. Kd3 Rb8 51. Rxd2 Rb3+ 52. Kc4 Ra3 53. Rb2 Ra4+ 54. Kd3 Ra7 55. Rb8 Rd7 56. Kd4 Be7 57. Nxe7 Rxe7 58. Rb7 1-0

[Event "Titled Tuesday intern op 05th Apr Late"]
[Site "Chess.com INT"]
[Date "2022.04.05"]
[Round "11"]
[White "Kozin, Yuri"]
[Black "Ilyasli, Ughur"]
[Result "1-0"]
[WhiteElo "2251"]
[BlackElo "2347"]
[PlyCount "83"]
[EventDate "2022.04.05"]
[EventType "swiss (blitz)"]
[EventRounds "11"]
[EventCountry "USA"]
[SourceTitle "CBM 207 Extra"]
[Source "ChessBase"]
[SourceDate "2022.05.31"]
[SourceVersion "1"]
[SourceVersionDate "2022.05.31"]
[SourceQuality "1"]

1. e4 c5 2. Nf3 d6 3. d4 cxd4 4. Nxd4 Nf6 5. Nc3 a6 6. Be3 e5 7. Nf3 Be7 8. Bc4 Be6 9. Bxe6 fxe6 10. 0-0 Nc6 11. Ng5 Qd7 12. Na4 Bd8 13. Qf3 0-0 14. Qh3 Re8 15. Rad1 Nd4 16. Bxd4 Qxa4 17. Be3 Qxa2 18. Rxd6 h6 19. Nxe6 Nxe4 20. Qg4 Bf6 21. Nxg7 Bxg7 22. Qxe4 Rad8 23. Rg6 Qd5 24. Qg4 Qd7 25. Qc4+ Kh7 26. Qe4 Qd5 27. Rxh6+ Kg8 28. Qh7+ Kf8 29. Rg6 Qf7 30. Rxg7 Qxg7 31. Bh6 Re7 32. Bxg7+ Rxg7 33. Qf5+ Kg8 34. Qxe5 Rf8 35. g3 Rgf7 36. h4 Rf5 37. Qe6+ Kg7 38. Rd1 R5f6 39. Rd7+ Kh6 40. Qe3+ Kg6 41. Qe4+ Kh6 42. Rh7# 1-0

[Event "Titled Tuesday intern op 05th Apr Early"]
[Site "Chess.com INT"]
[Date "2022.04.05"]
[Round "7"]
[White "Reprintsev, Alexander"]
[Black "Ilyasli, Ughur"]
[Result "1-0"]
[WhiteElo "2353"]
[BlackElo "2347"]
[PlyCount "65"]
[EventDate "2022.04.05"]
[EventType "swiss (blitz)"]
[EventRounds "11"]
[EventCountry "USA"]
[SourceTitle "CBM 207 Extra"]
[Source "ChessBase"]
[SourceDate "2022.05.31"]
[SourceVersion "1"]
[SourceVersionDate "2022.05.31"]
[SourceQuality "1"]

1. e4 c5 2. b3 g6 3. Bb2 Nf6 4. e5 Nd5 5. Nc3 Nxc3 6. dxc3 Bg7 7. Qd5 Qc7 8. Nf3 e6 9. Qe4 Nc6 10. c4 d5 11. cxd5 exd5 12. Qxd5 0-0 13. 0-0-0 Bg4 14. Qxc5 Rac8 15. Bc4 Bxf3 16. gxf3 Nxe5 17. Qxc7 Rxc7 18. Bd5 Rfc8 19. c4 b5 20. f4 Ng4 21. Bxg7 Kxg7 22. Rd2 Nf6 23. Kb2 bxc4 24. Bxc4 Nh5 25. f5 gxf5 26. Rg1+ Kf6 27. Rd6+ Ke5 28. Rh6 Nf4 29. Rxh7 Rd8 30. Re1+ Kd4 31. Rd1+ Ke5 32. Rxd8 Ne6 33. Bxe6 1-0

[Event "Titled Tuesday intern op 29th Mar Late"]
[Site "Chess.com INT"]
[Date "2022.03.29"]
[Round "1"]
[White "Ibarra Jerez, Jose Carlos"]
[Black "Ilyasli, Ughur"]
[Result "1-0"]
[WhiteElo "2570"]
[BlackElo "2347"]
[PlyCount "87"]
[EventDate "2022.03.29"]
[EventType "swiss (blitz)"]
[EventRounds "11"]
[EventCountry "USA"]
[SourceTitle "CBM 207 Extra"]
[Source "ChessBase"]
[SourceDate "2022.05.31"]
[SourceVersion "1"]
[SourceVersionDate "2022.05.31"]
[SourceQuality "1"]

1. e4 c5 2. Nc3 Nc6 3. Nf3 g6 4. d4 cxd4 5. Nxd4 Bg7 6. Be3 Nf6 7. Bc4 0-0 8. Bb3 d6 9. f3 Na5 10. Qd2 Nxb3 11. axb3 d5 12. e5 Nd7 13. f4 Nc5 14. Ndb5 Ne4 15. Nxe4 dxe4 16. Qxd8 Rxd8 17. Nc7 Rb8 18. Bxa7 Bd7 19. Bxb8 Rxb8 20. Ra8 Rxa8 21. Nxa8 g5 22. Nb6 Bc6 23. g3 Bh6 24. Rf1 gxf4 25. gxf4 Kg7 26. Ke2 Kg6 27. Nc4 Kh5 28. Ne3 e6 29. c4 Kh4 30. f5 Kh3 31. fxe6 fxe6 32. Rf6 Bg7 33. Rxe6 Kxh2 34. Re7 Bf8 35. Rxh7+ Kg3 36. e6 Bc5 37. e7 Kf4 38. Nd5+ Ke5 39. Nc7 Bd4 40. e8Q+ Bxe8 41. Nxe8 b6 42. Rh5+ Kf4 43. Nd6 Bxb2 44. Rh4+ 1-0

[Event "Titled Tuesday intern op 29th Mar Early"]
[Site "Chess.com INT"]
[Date "2022.03.29"]
[Round "3"]
[White "Ilyasli, Ughur"]
[Black "Bachmann, Axel"]
[Result "1-0"]
[WhiteElo "2347"]
[BlackElo "2588"]
[PlyCount "105"]
[EventDate "2022.03.29"]
[EventType "swiss (blitz)"]
[EventRounds "11"]
[EventCountry "USA"]
[SourceTitle "CBM 207 Extra"]
[Source "ChessBase"]
[SourceDate "2022.05.31"]
[SourceVersion "1"]
[SourceVersionDate "2022.05.31"]
[SourceQuality "1"]

1. d4 Nf6 2. c4 g6 3. Nc3 Bg7 4. e4 d6 5. Nge2 0-0 6. Ng3 c5 7. d5 e6 8. Be2 exd5 9. cxd5 Re8 10. 0-0 a6 11. a4 h5 12. f3 h4 13. Nh1 h3 14. g4 Nbd7 15. Nf2 c4 16. Bxc4 Ne5 17. Be2 Qb6 18. Kh1 Qa5 19. Be3 Qb4 20. Qd4 Qxd4 21. Bxd4 Nexg4 22. fxg4 Nxg4 23. Bxg7 Nxf2+ 24. Rxf2 Kxg7 25. Rg1 Re5 26. Bg4 Bxg4 27. Rxg4 Rc8 28. Rf3 b5 29. axb5 axb5 30. Rgf4 b4 31. Rxf7+ Kg8 32. Nb5 Rxe4 33. Nxd6 Rc1+ 34. Rf1 Rxf1+ 35. Rxf1 Rd4 36. Ne8 Kh8 37. d6 b3 38. Kg1 Rd2 39. Rf2 Rd1+ 40. Rf1 Rd2 41. Rf8+ Kh7 42. d7 Kh6 43. Rf7 Rd1+ 44. Kf2 Rd2+ 45. Kg3 Rd3+ 46. Kg4 g5 47. Rf6+ Kh7 48. Rd6 Re3 49. d8Q Re4+ 50. Kg3 Re3+ 51. Kf2 Re5 52. Qd7+ Kh8 53. Qg7# 1-0